000 00398 a2200121 4500
001 ART_10725
005 20260410161831.0
008 260409a
245 1 0 _a¿Es sustentable el desarrollo agropecuario de la pampa húmeda?
100 1 _aAsis, Inés del Valle
700 1 _aSonnet, Fernando H.
773 0 _tActualidad Económica
_g- Año XVI, Nº 60 (sep./dic. 2006)
_wREV5083
999 _c23224
_d23224